[Event "be ware...below 1400"]
[Site "SchemingMind.com"]
[Date "2008.11.25"]
[Round "-"]
[White "Jochen"]
[Black "lame wolf"]
[Result "0-1"]
[WhiteCountry "GBR"]
[BlackCountry "INT"]
[WhiteElo "1115"]
[WhiteRD "70"]
[BlackElo "995"]
[BlackRD "52"]
[GameID "180352"]

1. a4 a5 2. Nf3 Nc6 3. Nc3 e6 4. d4 Bb4 5. Bg5 f6 6. Bh4 g5 7. Bg3 f5 8. Nd2 Nxd4 9. Nc4 Bxc3+ 10. bxc3 b5
11. Ne5 Nh6 12. cxd4 f4 13. Nd3 fxg3 14. hxg3 b4 15. Ne5 Qf6 16. f3 Nf5 17. Qd3 Rg8 18. Qe4 Nxg3 19. Rh3 Nxe4 20. fxe4 Qf4
21. e3 Rg7 22. Be2 Qxe4 23. Bh5+ Ke7 24. Ng4 Qxg2 25. Rf3 Qxf3 26. Kd2 Qg2+ 27. Kd3 Ba6+ 28. c4 d5 29. Ne5 b3 30. Nc6+ Kf6
31. Kc3 Qc2#
0-1

[Event "be ware...below 1400"]
[Site "SchemingMind.com"]
[Date "2008.11.25"]
[Round "-"]
[White "lame wolf"]
[Black "Jochen"]
[Result "0-1"]
[WhiteCountry "INT"]
[BlackCountry "GBR"]
[WhiteElo "994"]
[WhiteRD "56"]
[BlackElo "1114"]
[BlackRD "72"]
[GameID "180354"]

1. a4 e6 2. b3 Nc6 3. Bb2 Nf6 4. Bxf6 gxf6 5. e3 Bd6 6. g3 b6 7. Bg2 f5 8. f4 Qf6 9. c3 Ba6 10. d3 O-O-O
11. Ra2 h5 12. Ne2 h4 13. Bxc6 dxc6 14. c4 Bb4+ 15. Nbc3 Qe7 16. Rc2 Qd6 17. Nd4 hxg3 18. h3 g2 19. Rxg2 Bxc3+ 20. Ke2 c5
21. Qc2 Bxd4 22. Rg3 Bf6 23. Rg6 fxg6 24. e4 Qxf4 25. Qd2 Qg3 26. Qe3 Qg2+
0-1

[Event "be ware...below 1400"]
[Site "SchemingMind.com"]
[Date "2008.12.05"]
[Round "-"]
[White "super_cfb"]
[Black "lame wolf"]
[Result "1-0"]
[WhiteCountry "CAN"]
[BlackCountry "INT"]
[WhiteElo "1212"]
[WhiteRD "92"]
[BlackElo "995"]
[BlackRD "52"]
[GameID "181969"]

1. a4 e5 2. e3 d5 3. d3 c5 4. Nc3 Bd6 5. a5 Nc6 6. Bd2 Nxa5 7. Nxd5 Be6 8. Bxa5 Qxa5+ 9. Rxa5 Ne7 10. Nc3 O-O
11. Ne4 b6 12. Ra4 Bc7 13. c3 Bd7 14. Ra3 Bc6 15. Ng5 Ng6 16. d4 cxd4 17. cxd4 e4 18. Rc3 Bd6 19. Rxc6 Be7 20. Nxe4 Bb4+
21. Ke2 Rac8 22. d5 Rxc6 23. dxc6
1-0

[Event "be ware...below 1400"]
[Site "SchemingMind.com"]
[Date "2008.12.05"]
[Round "-"]
[White "super_cfb"]
[Black "Jochen"]
[Result "0-1"]
[WhiteCountry "CAN"]
[BlackCountry "GBR"]
[WhiteElo "1212"]
[WhiteRD "92"]
[BlackElo "1115"]
[BlackRD "70"]
[GameID "181970"]

1. a4 Nc6 2. Nf3 Nf6 3. e3 h6 4. d4 e5 5. dxe5 Ne4 6. Bd3 Nc5 7. Bc4 Be7 8. Nc3 Nb4 9. Nd5 Ne4 10. h4 b6
11. c3 Nc6 12. Nf4 Na5 13. Qd3 Bb7 14. Nd5 Nc5
0-1

[Event "be ware...below 1400"]
[Site "SchemingMind.com"]
[Date "2008.12.05"]
[Round "-"]
[White "lame wolf"]
[Black "super_cfb"]
[Result "0-1"]
[WhiteCountry "INT"]
[BlackCountry "CAN"]
[WhiteElo "995"]
[WhiteRD "52"]
[BlackElo "1212"]
[BlackRD "92"]
[GameID "181972"]

1. a4 a5 2. Nc3 c6 3. e3 Nf6 4. d4 d5 5. Bd3 e6 6. Nf3 Bb4 7. Ne5 Ne4 8. Bxe4 dxe4 9. Qd3 exd3 10. cxd3 Nd7
11. O-O f6 12. Nf3 h5 13. Rb1 g5 14. Bd2 g4 15. Nh4 Rg8 16. g3 b6 17. e4 Ba6 18. b3 Bxd3 19. Rfe1 Bxb1 20. Rxb1 f5
21. e5 c5 22. dxc5 Nxc5 23. Rd1 Ne4 24. f3 Qd4+
0-1

[Event "be ware...below 1400"]
[Site "SchemingMind.com"]
[Date "2008.12.05"]
[Round "-"]
[White "Jochen"]
[Black "super_cfb"]
[Result "1-0"]
[WhiteCountry "GBR"]
[BlackCountry "CAN"]
[WhiteElo "1115"]
[WhiteRD "70"]
[BlackElo "1212"]
[BlackRD "92"]
[GameID "181973"]

1. a4 Nc6 2. Nf3 d6 3. d3 f5 4. Bg5 h6 5. Bh4 Ne5 6. Nd4 Ng6 7. g3 Nxh4 8. gxh4 g6 9. Nc3 c5 10. Ndb5 a6
11. Na3 b5 12. Nd5 e6 13. Nf4 Qf6 14. Bg2
1-0

[Event "be ware...below 1400"]
[Site "SchemingMind.com"]
[Date "2008.12.11"]
[Round "-"]
[White "Daphriend"]
[Black "lame wolf"]
[Result "1-0"]
[WhiteCountry "USA"]
[BlackCountry "INT"]
[WhiteElo "1303"]
[WhiteRD "83"]
[BlackElo "995"]
[BlackRD "52"]
[GameID "182774"]

1. a4 a5 2. e3 b6 3. Na3 Bb7 4. b3 c6 5. Bb2 e6 6. Qg4 Nf6 7. Qg3 d6 8. O-O-O g6 9. Qf3 Nbd7 10. h4 d5
11. h5 g5 12. e4 h6 13. exd5 cxd5 14. Bb5 Qc7 15. Qxf6 Bc6 16. Qxh8 Bxb5 17. Nxb5 Qd8 18. Qh7 f5 19. Re1 Qe7 20. Nd6+ Qxd6
21. Qg6+ Kd8 22. Rxe6 Qc5 23. Re8+
1-0

[Event "be ware...below 1400"]
[Site "SchemingMind.com"]
[Date "2008.12.11"]
[Round "-"]
[White "Daphriend"]
[Black "Jochen"]
[Result "1-0"]
[WhiteCountry "USA"]
[BlackCountry "GBR"]
[WhiteElo "1330"]
[WhiteRD "78"]
[BlackElo "1101"]
[BlackRD "70"]
[GameID "182776"]

1. a4 b6 2. g4 Bb7 3. f3 Nf6 4. b3 Nc6 5. e4 Nd4 6. Bb2 e5 7. Bxd4 exd4 8. a5 Bb4 9. axb6 cxb6 10. Ra4 Bd6
11. Rxd4 Qc7 12. Bh3 O-O 13. Ne2 Rae8 14. g5 Nh5 15. Ng3 Nf4 16. Bf5 Ng2+ 17. Kf1 Nh4 18. Bg4 Ba6+ 19. d3 Qc5 20. Ra4 Bb7
21. Rxa7 Rb8 22. Na3 Bc6 23. Bxd7 Rbd8 24. Bf5 Qe3 25. Qe2 Qc1+ 26. Qe1 Qf4 27. Bg4 Nxf3 28. Nh5 Qxg4 29. Qc3 Qh3+ 30. Kf2 Qh4+
31. Ng3 Qf4 32. Nh5 Qh4+ 33. Ng3 Bc5+ 34. Kxf3 Qxg5 35. h4 Qf6+ 36. Qxf6 Rc8 37. Qc3 Rfd8 38. Nf5 h5 39. Qxg7#
1-0

[Event "be ware...below 1400"]
[Site "SchemingMind.com"]
[Date "2008.12.10"]
[Round "-"]
[White "lame wolf"]
[Black "Daphriend"]
[Result "0-1"]
[WhiteCountry "INT"]
[BlackCountry "USA"]
[WhiteElo "995"]
[WhiteRD "52"]
[BlackElo "1303"]
[BlackRD "83"]
[GameID "182778"]

1. a4 e5 2. b3 g6 3. Bb2 Bg7 4. d4 exd4 5. Bxd4 Bxd4 6. Qxd4 Qf6 7. Qxf6 Nxf6 8. Nc3 O-O 9. g3 Nc6 10. Bg2 d6
11. Nd5 Nxd5 12. Bxd5 Nd4 13. Rc1 Re8 14. Nf3 Nxe2 15. Rd1 Nxg3+ 16. Kd2 Nxh1 17. Rxh1 Be6 18. Bxb7 Rab8 19. Ba6 Bh3 20. Ng5 Bg4
21. Re1 Rxe1 22. Kxe1 Re8+ 23. Kf1 f6 24. Bc4+ Kg7
0-1

[Event "be ware...below 1400"]
[Site "SchemingMind.com"]
[Date "2008.12.11"]
[Round "-"]
[White "Jochen"]
[Black "Daphriend"]
[Result "0-1"]
[WhiteCountry "GBR"]
[BlackCountry "USA"]
[WhiteElo "1101"]
[WhiteRD "70"]
[BlackElo "1330"]
[BlackRD "78"]
[GameID "182780"]

1. a4 Nf6 2. b3 Nc6 3. Ba3 d6 4. Nc3 g6 5. Nf3 Bh6 6. Nb5 O-O 7. g3 Ne4 8. Qb1 b6 9. Bg2 Bb7 10. Nc3 Ne5
11. Nxe4 Bxe4 12. d3 Nxf3+ 13. Bxf3 Bxf3 14. exf3 c5 15. O-O d5 16. Qe1 d4 17. Bb2 e5 18. Qe4 Rc8 19. h4 Re8 20. Qg4 f5
21. Qh3 e4 22. g4 fxg4 23. Qxg4 exf3 24. Qxf3 Qxh4 25. Qd5+ Kg7 26. Qb7+ Qe7 27. Qxe7+ Rxe7 28. Rfe1 Rxe1+ 29. Rxe1 Rf8 30. Re7+ Rf7
31. Rxf7+ Kxf7 32. Kg2 Bg7 33. Bc1 h5 34. Bf4 Bf6 35. f3 g5 36. Bb8 a5 37. Kh2 Ke6 38. Ba7 Be5+ 39. Kg2 g4 40. fxg4 hxg4
41. Bxb6 Kf5 42. Bxc5 Kf4 43. Bb6 Ke3 44. Bxa5 g3 45. b4 Kd2 46. b5+ Kxc2 47. Kf3 Kxd3 48. b6 Kc4 49. b7 Kb3 50. Bb6 d3
51. Ba7 d2 52. Ke2 Kc2 53. b8=Q d1=Q+ 54. Ke3 Qd3#
0-1

[Event "be ware...below 1400"]
[Site "SchemingMind.com"]
[Date "2008.12.12"]
[Round "-"]
[White "marcos_469204"]
[Black "lame wolf"]
[Result "1-0"]
[WhiteCountry "ARG"]
[BlackCountry "INT"]
[WhiteElo "1607"]
[WhiteRD "103"]
[BlackElo "995"]
[BlackRD "52"]
[GameID "183107"]

1. a4 a5 2. e4 e5 3. Nf3 Nc6 4. d4 Nxd4 5. Nxe5 Bc5 6. Nxf7 Kxf7 7. Qh5+ g6 8. Qxc5 Nc6 9. Bc4+ Kg7 10. Bxg8 Rxg8
11. Qc3+ Kf8 12. Bh6+ Ke8 13. O-O Qh4 14. Bg7 d6 15. Nd2 Bg4 16. f3 Be6 17. f4 g5 18. fxg5 Qxg5 19. Qf6 Qxf6 20. Bxf6 d5
21. e5 Nd4 22. c3 Nc2 23. Rab1 Ne3 24. Rf3 Nf5 25. Nb3 h5 26. Nc5 c6 27. Nxe6 Kf7 28. Nc7 Rac8 29. Nxd5 cxd5 30. Rxf5 Rc4
31. Bh8+ Ke6 32. Rf6+ Kxe5 33. Rf8+
1-0

[Event "be ware...below 1400"]
[Site "SchemingMind.com"]
[Date "2008.12.13"]
[Round "-"]
[White "marcos_469204"]
[Black "Daphriend"]
[Result "1-0"]
[WhiteCountry "ARG"]
[BlackCountry "USA"]
[WhiteElo "1607"]
[WhiteRD "103"]
[BlackElo "1303"]
[BlackRD "83"]
[GameID "183109"]

1. a4 b6 2. e4 Bb7 3. Nc3 g6 4. d4 Bg7 5. Nf3 Nf6 6. e5 Nh5 7. Be2 d6 8. g4 dxe5 9. dxe5 Qxd1+ 10. Nxd1 Nf6
11. exf6 Bxf6 12. a5 bxa5 13. Rxa5 O-O 14. Bf4 Nc6 15. Rb5 Nd4 16. Rxb7 Rad8 17. Nxd4 Rxd4 18. Be3 Re4 19. Rxa7 Bxb2 20. Nxb2 h5
21. gxh5 gxh5 22. Bxh5 Rb4 23. Rg1+ Kh8 24. Rxc7 Rxb2 25. Bd4+ Kh7 26. Bxb2 e5 27. Bxf7 Rxf7 28. Rxf7+ Kh6 29. Bxe5 Kh5 30. Rh7#
1-0

[Event "be ware...below 1400"]
[Site "SchemingMind.com"]
[Date "2008.12.12"]
[Round "-"]
[White "marcos_469204"]
[Black "Jochen"]
[Result "1-0"]
[WhiteCountry "ARG"]
[BlackCountry "GBR"]
[WhiteElo "1607"]
[WhiteRD "103"]
[BlackElo "1115"]
[BlackRD "70"]
[GameID "183110"]

1. a4 Nc6 2. e4 Nf6 3. Nc3 e6 4. d4 d5 5. e5 Ne4 6. Nxe4 Nxd4 7. Qxd4 b6 8. Bb5+ Bd7 9. Bxd7+ Kxd7 10. Ng5 Qe7
11. Qd3 Kc8 12. Nxh7 Qb4+ 13. c3 Qe4+ 14. Qxe4 dxe4 15. Nxf8 Rxf8 16. Bg5 Kb7 17. O-O-O Ka6 18. Rd7 Rh8 19. Rxf7 Rhc8 20. Rxg7 Ka5
21. b3 Rf8 22. Bf6 c5 23. Ne2 c4 24. bxc4 Kxa4 25. Kc2 Rac8 26. Ra1#
1-0

[Event "be ware...below 1400"]
[Site "SchemingMind.com"]
[Date "2008.12.12"]
[Round "-"]
[White "lame wolf"]
[Black "marcos_469204"]
[Result "0-1"]
[WhiteCountry "INT"]
[BlackCountry "ARG"]
[WhiteElo "995"]
[WhiteRD "52"]
[BlackElo "1607"]
[BlackRD "103"]
[GameID "183112"]

1. a4 e5 2. e4 Nf6 3. Nc3 d5 4. Nxd5 Bc5 5. c4 Nxe4 6. Qf3 Nxf2 7. Ne3 Nxh1 8. b3 Qh4+ 9. g3 Qxh2 10. Qg2 Qxg3+
11. Qxg3 Nxg3 12. Bg2 Bxe3 13. dxe3 O-O 14. e4 Nc6 15. Ba3 Rd8 16. c5 Nd4 17. Kf2 Nh5 18. Rd1 Bg4 19. b4 Bxd1
0-1

[Event "be ware...below 1400"]
[Site "SchemingMind.com"]
[Date "2008.12.12"]
[Round "-"]
[White "super_cfb"]
[Black "marcos_469204"]
[Result "0-1"]
[WhiteCountry "CAN"]
[BlackCountry "ARG"]
[WhiteElo "1212"]
[WhiteRD "92"]
[BlackElo "1607"]
[BlackRD "103"]
[GameID "183113"]

1. a4 e5 2. c3 d5 3. d4 Nc6 4. b4 e4 5. b5 Na5 6. h4 c6 7. e3 Nf6 8. Nh3 Bg4 9. f3 exf3 10. gxf3 Ne4
0-1

[Event "be ware...below 1400"]
[Site "SchemingMind.com"]
[Date "2008.12.13"]
[Round "-"]
[White "Daphriend"]
[Black "marcos_469204"]
[Result "0-1"]
[WhiteCountry "USA"]
[BlackCountry "ARG"]
[WhiteElo "1303"]
[WhiteRD "83"]
[BlackElo "1607"]
[BlackRD "103"]
[GameID "183114"]

1. a4 e5 2. e4 Nf6 3. Qf3 Nc6 4. Nc3 Nd4 5. Qd3 d5 6. Nxd5 Nxd5 7. exd5 Bf5 8. Qe3 Nxc2+ 9. Kd1 Nxe3+ 10. fxe3 Qxd5
11. Bb5+ c6 12. Be2 Qxg2 13. Bf3 Qf1#
0-1

[Event "be ware...below 1400"]
[Site "SchemingMind.com"]
[Date "2008.12.12"]
[Round "-"]
[White "Jochen"]
[Black "marcos_469204"]
[Result "0-1"]
[WhiteCountry "GBR"]
[BlackCountry "ARG"]
[WhiteElo "1115"]
[WhiteRD "70"]
[BlackElo "1607"]
[BlackRD "103"]
[GameID "183115"]

1. a4 e5 2. e3 d5 3. Nf3 Nc6 4. c3 Bg4 5. h3 Bh5 6. g4 Bg6 7. Na3 e4 8. Nd4 Ne5 9. Nab5 c5 10. Nb3 Nf3+
11. Ke2 d4 12. exd4 c4 13. Nc5 Bxc5 14. dxc5 Qd3#
0-1

[Event "be ware...below 1400"]
[Site "SchemingMind.com"]
[Date "2008.12.15"]
[Round "-"]
[White "bosh"]
[Black "lame wolf"]
[Result "0-1"]
[WhiteCountry "EGY"]
[BlackCountry "INT"]
[WhiteElo "1090"]
[WhiteRD "155"]
[BlackElo "995"]
[BlackRD "52"]
[GameID "183710"]

1. a4 a5 2. e3 e6 3. b3 d5 4. Nf3 b6 5. Nd4 Bd7 6. Qg4 c5 7. Nf3 Nc6 8. Bb2 Nf6 9. Qf4 e5 10. Bxe5 Nh5
11. Bc7 Qf6 12. Qxf6 Nxf6 13. Nc3 c4 14. bxc4 dxc4
0-1

[Event "be ware...below 1400"]
[Site "SchemingMind.com"]
[Date "2008.12.15"]
[Round "-"]
[White "bosh"]
[Black "marcos_469204"]
[Result "0-1"]
[WhiteCountry "EGY"]
[BlackCountry "ARG"]
[WhiteElo "1018"]
[WhiteRD "132"]
[BlackElo "1791"]
[BlackRD "86"]
[GameID "183712"]

1. a4 e5 2. e3 d5 3. Nf3 e4 4. Nd4 c5 5. Bb5+ Bd7 6. Qh5 Nf6 7. Qe5+ Be7 8. Nf5 Bxb5 9. axb5 Nbd7 10. Nd6+ Kf8
11. Qf4 Qc7 12. Nf5 Qxf4 13. exf4 Bd8 14. O-O Bc7 15. d3 g6 16. Nh6 Kg7 17. f5 exd3 18. cxd3 Rhe8 19. b3 Ne5 20. d4 cxd4
21. Rd1 Bb6 22. Bf4 Nd3 23. g3 Nxf4 24. fxg6 Ne2+ 25. Kg2 fxg6 26. Nd2 Nc3 27. Kh3 Nxd1 28. Rxd1 Kxh6 29. Nf3 Re2 30. g4 Kg7
0-1

[Event "be ware...below 1400"]
[Site "SchemingMind.com"]
[Date "2008.12.15"]
[Round "-"]
[White "lame wolf"]
[Black "bosh"]
[Result "1-0"]
[WhiteCountry "INT"]
[BlackCountry "EGY"]
[WhiteElo "995"]
[WhiteRD "52"]
[BlackElo "1090"]
[BlackRD "155"]
[GameID "183716"]

1. a4 e6 2. e4 b6 3. d3 Qf6 4. f3 Bb4+ 5. Bd2 Qxb2 6. Nc3 Bxc3 7. Bxc3 Qxc3+ 8. Kf2 Nc6 9. Ne2 Qc5+ 10. d4 Qb4
11. c3 Qe7 12. d5 Qc5+ 13. Ke1 Ba6 14. Qc2
1-0

[Event "be ware...below 1400"]
[Site "SchemingMind.com"]
[Date "2008.12.15"]
[Round "-"]
[White "marcos_469204"]
[Black "bosh"]
[Result "1-0"]
[WhiteCountry "ARG"]
[BlackCountry "EGY"]
[WhiteElo "1607"]
[WhiteRD "103"]
[BlackElo "1090"]
[BlackRD "155"]
[GameID "183718"]

1. a4 e6 2. d4 Nc6 3. e4 Nf6 4. e5 Nd5 5. c4 Bb4+ 6. Bd2 Bxd2+ 7. Qxd2 Nde7 8. d5 Nxe5 9. Qc3 N5g6 10. dxe6 fxe6
11. Qxg7 Rf8 12. Qxh7 b6 13. Bd3 Nh8 14. Nc3 Nf7 15. Ne4 Nf5 16. Qg6 Bb7 17. Nf6+ Ke7 18. Bxf5 exf5 19. Kf1 Nd6 20. Re1+ Be4
21. Nd5#
1-0

[Event "be ware...below 1400"]
[Site "SchemingMind.com"]
[Date "2008.12.21"]
[Round "-"]
[White "cdhardy22"]
[Black "lame wolf"]
[Result "1-0"]
[WhiteCountry "USA"]
[BlackCountry "INT"]
[WhiteElo "1238"]
[WhiteRD "75"]
[BlackElo "995"]
[BlackRD "52"]
[GameID "184532"]

1. a4 d6 2. b4 e6 3. a5 c6 4. c3 Nd7 5. d4 d5 6. Bf4 Be7 7. Nd2 Bf6 8. Qa4 e5 9. dxe5 Bxe5 10. e3 Bxf4
11. exf4 Qe7+ 12. Be2 a6 13. Ngf3 Qd6 14. g3 Ndf6 15. Ne5 Ne7 16. Bf3 O-O 17. c4 b5 18. cxb5 cxb5 19. Qb3 Be6 20. O-O Nf5
21. Rac1 Rfc8 22. Be2 Nd4 23. Qe3 Qxb4 24. Bd3 g6 25. Bb1 Bf5 26. Bxf5 Rxc1 27. Rxc1 Nxf5 28. Qb6 Qxd2 29. Rc7 Kg7 30. Nxf7 Re8
31. Ng5+ Kh6 32. Qxf6 Re2 33. Rxh7#
1-0

[Event "be ware...below 1400"]
[Site "SchemingMind.com"]
[Date "2008.12.21"]
[Round "-"]
[White "cdhardy22"]
[Black "marcos_469204"]
[Result "0-1"]
[WhiteCountry "USA"]
[BlackCountry "ARG"]
[WhiteElo "1238"]
[WhiteRD "75"]
[BlackElo "1607"]
[BlackRD "103"]
[GameID "184534"]

1. a4 e5 2. e4 Nf6 3. f3 d5 4. d4 dxe4 5. fxe4 Nxe4 6. dxe5 Qxd1+ 7. Kxd1 Nf2+ 8. Ke1 Nxh1 9. Bf4 Bc5 10. Nf3 Nf2
11. Nbd2 Ng4 12. h3 Ne3 13. Bd3 Nxg2+ 14. Kf1 Nxf4 15. Ng5 Nxd3 16. cxd3 Be3 17. Ndf3 Bxg5 18. Nxg5 O-O 19. e6 fxe6+ 20. Ke2 Nc6
21. Rg1 Bd7 22. h4 e5 23. h5 h6 24. b3 hxg5 25. Rxg5 Rf6 26. Ke3 Raf8 27. d4 exd4+ 28. Ke4 Re8+ 29. Kd5 Be6+ 30. Kc5 Bf7
31. b4 Re1 32. b5 Rc1#
0-1

[Event "be ware...below 1400"]
[Site "SchemingMind.com"]
[Date "2008.12.23"]
[Round "-"]
[White "cdhardy22"]
[Black "Daphriend"]
[Result "1-0"]
[WhiteCountry "USA"]
[BlackCountry "USA"]
[WhiteElo "1229"]
[WhiteRD "74"]
[BlackElo "1330"]
[BlackRD "78"]
[GameID "184536"]

1. a4 d6 2. b4 g6 3. b5 a6 4. c4 axb5 5. cxb5 c6 6. Na3 cxb5 7. Nxb5 Bg7 8. Ra3 Nh6 9. Rc3 Bxc3 10. dxc3 Nf5
11. f3 O-O 12. g4 Nh4 13. Bh6 Re8 14. Qa1 e5 15. c4 e4 16. Qg7#
1-0

[Event "be ware...below 1400"]
[Site "SchemingMind.com"]
[Date "2008.12.21"]
[Round "-"]
[White "cdhardy22"]
[Black "Jochen"]
[Result "1-0"]
[WhiteCountry "USA"]
[BlackCountry "GBR"]
[WhiteElo "1229"]
[WhiteRD "74"]
[BlackElo "1101"]
[BlackRD "70"]
[GameID "184537"]

1. a4 Nc6 2. c3 Nf6 3. f3 b6 4. b4 e5 5. e4 Nh5 6. Ne2 Qh4+ 7. g3 Qg5 8. f4 Qg4 9. fxe5 Nxe5 10. d4 Nf3+
11. Kf2 Qxe4 12. Bg2 Bd6 13. Re1 O-O 14. Bxf3 Bxg3+ 15. hxg3 Qe6 16. Nf4 Qf5 17. Nxh5 Qh3 18. Rh1 Qe6 19. Bxa8 d6 20. Nf4 Qf5
21. Bd5 Bd7 22. Qe1 c6 23. Rh5 Qg4 24. Rh4 Qf5 25. Rh5 Qg4 26. Rh4 Qg5 27. Rh5 Qf6 28. Nd2 cxd5 29. Rxd5 Qh6 30. Ng2 Qf6+
31. Nf3 Bg4 32. Bf4 h6 33. Bxd6 Bxf3 34. Re5 Rd8 35. Be7 Rd7 36. Bxf6 Bc6 37. Re8+ Kh7 38. Qb1+ g6 39. Rh8#
1-0

[Event "be ware...below 1400"]
[Site "SchemingMind.com"]
[Date "2008.12.20"]
[Round "-"]
[White "lame wolf"]
[Black "cdhardy22"]
[Result "1-0"]
[WhiteCountry "INT"]
[BlackCountry "USA"]
[WhiteElo "995"]
[WhiteRD "52"]
[BlackElo "1238"]
[BlackRD "75"]
[GameID "184540"]

1. a4 e5 2. d4 f6 3. d5 d6 4. e4 f5 5. Bd3 f4 6. g3 fxg3 7. fxg3 g6 8. Be3 Nf6 9. Nf3 Ng4 10. Bg5 Qd7
11. h3 c6 12. hxg4 cxd5 13. Nc3 d4 14. Nd5 Nc6 15. Nf6+ Kf7 16. Bc4+ Kg7 17. Nxd7 Bxd7 18. Qc1 Bxg4 19. Rf1 Bh3 20. Rf2 h6
21. Bd2 Be7 22. Ke2 Rhf8 23. Ng1 a6 24. Rxf8 Rxf8 25. Nxh3 b5 26. axb5 Nb8 27. Bd3 axb5 28. Ra7 Nc6 29. Rc7 g5 30. Rxc6 g4
31. Nf2 h5 32. Bxb5 d3+ 33. cxd3 Rf6 34. Bg5 Re6 35. Bxe7 Rxe7 36. Rc7 Kf7 37. Rxe7+ Kxe7 38. Qh6 Kf7 39. Qxh5+ Kf6 40. Nxg4+ Ke6
41. Bc4+ Kd7 42. Bd5 Kd8 43. Qf7 Kc8 44. Nf6 Kd8 45. Qd7#
1-0

[Event "be ware...below 1400"]
[Site "SchemingMind.com"]
[Date "2008.12.20"]
[Round "-"]
[White "marcos_469204"]
[Black "cdhardy22"]
[Result "1-0"]
[WhiteCountry "ARG"]
[BlackCountry "USA"]
[WhiteElo "1791"]
[WhiteRD "86"]
[BlackElo "1229"]
[BlackRD "74"]
[GameID "184542"]

1. a4 a5 2. e4 e5 3. Nf3 f6 4. d4 d5 5. dxe5 fxe5 6. Nxe5 dxe4 7. Qxd8+ Kxd8 8. Nf7+ Ke8 9. Nxh8 Bf5 10. Bc4 Nc6
11. Bxg8 Ne7 12. Nf7 Nxg8 13. Ne5 Bb4+ 14. Bd2 Bc5 15. Nc4 Be6 16. Ne3 Rd8 17. O-O c6 18. Rd1 Nf6 19. Bxa5 Rxd1+ 20. Nxd1 b6
21. Bc3 Bg4 22. Bxf6 gxf6 23. Ne3 Be2 24. Nc3 Ba6 25. Nxe4 Bxe3 26. fxe3 f5 27. Nd6+ Kf8 28. Nxf5 c5 29. a5 bxa5 30. Rxa5 Be2
31. Rxc5 h5 32. Kf2 Bg4 33. h3 Bd1 34. c3 Kf7 35. b4 Ke6 36. b5 h4 37. b6 Bf3 38. Kxf3 Kd7 39. b7 Kd8 40. b8=Q+ Kd7
41. Qc8#
1-0

[Event "be ware...below 1400"]
[Site "SchemingMind.com"]
[Date "2008.12.23"]
[Round "-"]
[White "Daphriend"]
[Black "cdhardy22"]
[Result "1-0"]
[WhiteCountry "USA"]
[BlackCountry "USA"]
[WhiteElo "1330"]
[WhiteRD "78"]
[BlackElo "1229"]
[BlackRD "74"]
[GameID "184544"]

1. a4 a5 2. Nf3 f6 3. e3 e5 4. Bc4 d5 5. Bb3 Nc6 6. O-O Bg4 7. Qe1 Bc5 8. Nc3 e4 9. Bxd5 Nge7 10. Bxe4 f5
11. Bxc6+ bxc6 12. b3 g6 13. Bb2 O-O 14. d4 Bd6 15. Ng5 f4 16. exf4 Bxf4 17. Qe4 Rf5 18. Qe6+ Kg7 19. d5 Rxg5 20. Nb5+ Kh6
21. Qf7 Nf5 22. dxc6 Ra6 23. Rad1 Bxd1 24. Bf6 Qd2 25. g3 Rxc6 26. Qf8+ Kh5 27. Qh8 Rxf6 28. Qxh7+ Kg4 29. Qh3+ Kf3 30. Qg2+ Kg4
31. f3+ Kh5 32. Qh3+ Nh4 33. Qxh4#
1-0

[Event "be ware...below 1400"]
[Site "SchemingMind.com"]
[Date "2008.12.21"]
[Round "-"]
[White "Jochen"]
[Black "cdhardy22"]
[Result "1-0"]
[WhiteCountry "GBR"]
[BlackCountry "USA"]
[WhiteElo "1101"]
[WhiteRD "70"]
[BlackElo "1229"]
[BlackRD "74"]
[GameID "184545"]

1. a4 d5 2. Nf3 f6 3. Nc3 c6 4. d4 e5 5. dxe5 Bg4 6. h3 Bh5 7. g4 Bg6 8. Nh4 fxe5 9. Nf3 Qa5 10. Ng5 Bb4
11. Be3 Bxc3+ 12. bxc3 Qxc3+ 13. Bd2 Qb2 14. Ne6 Bxc2 15. Bc1 Qxa1 16. Qxc2 e4 17. Nc7+ Kd8 18. Ne6+ Kd7 19. Nc5+ Kc8 20. h4 b6
21. Nb3 Qe5 22. g5 g6 23. Bh3+ Nd7 24. Qxc6+ Qc7 25. Qxa8+ Qb8 26. Qc6+ Kd8 27. Nd4 Ne7 28. Ne6+ Ke8 29. Nc7+ Kf7 30. Qe6+ Kg7
31. Qxe7+ Kg8 32. Be6#
1-0

[Event "be ware...below 1400"]
[Site "SchemingMind.com"]
[Date "2008.12.21"]
[Round "-"]
[White "Manfred Kraut"]
[Black "lame wolf"]
[Result "0-1"]
[WhiteCountry "GER"]
[BlackCountry "INT"]
[WhiteElo "1380"]
[WhiteRD "68"]
[BlackElo "995"]
[BlackRD "52"]
[GameID "184549"]

1. a4 d6 2. e4 c6 3. a5 b5 4. axb6 Qxb6 5. d3 Bb7 6. b3 e5 7. Be3 Qc7 8. Nc3 Be7 9. Nf3 Bf6 10. d4 exd4
11. Bxd4 Bxd4 12. Qxd4 f6 13. Rxa7 Rxa7 14. Qxa7 Ne7 15. Qa4 O-O 16. Bd3 d5 17. exd5 cxd5 18. Nd4 Qxc3+ 19. Ke2 Bc6 20. Nxc6 Qxc6
21. Bb5 Qxc2+ 22. Kf3 d4 23. Qxd4 Qxb3+ 24. Bd3 Nf5 25. Qc4+ Qxc4 26. Bxc4+ Kh8 27. g4 Ne7 28. h4 Rc8 29. Be6 Rc3+ 30. Ke4 Nbc6
31. Ra1 g6 32. f4 f5+ 33. gxf5 gxf5+ 34. Bxf5 Rc4+ 35. Ke3 Nxf5+ 36. Kd3 Rxf4 37. Ra8+ Kg7 38. Rc8 Na5 39. Rc5 Nb3 40. Rc3 Na5
41. h5 Rf3+ 42. Kc2 Rf2+ 43. Kd3 Nb7 44. Rc7+ Kh6 45. Rxb7 Rh2 46. Rb6+ Kxh5 47. Rb5 Kg5 48. Rd5 h5 49. Ke4 Rf2 50. Ke5 h4
51. Rd8 Re2+ 52. Kd5 h3 53. Rg8+ Kf4 54. Rh8 Kg3 55. Rg8+ Kf4 56. Rh8 h2 57. Kc4 Kf3 58. Kd3 Ng3 59. Rf8+ Kg2
0-1

[Event "be ware...below 1400"]
[Site "SchemingMind.com"]
[Date "2008.12.21"]
[Round "-"]
[White "Manfred Kraut"]
[Black "marcos_469204"]
[Result "0-1"]
[WhiteCountry "GER"]
[BlackCountry "ARG"]
[WhiteElo "1380"]
[WhiteRD "68"]
[BlackElo "1607"]
[BlackRD "103"]
[GameID "184551"]

1. a4 e5 2. b3 d5 3. d4 Nc6 4. e3 exd4 5. exd4 Bb4+ 6. Bd2 Qe7+ 7. Be2 Nf6 8. Nf3 Bg4 9. O-O O-O 10. c3 Bd6
11. c4 Nxd4 12. Nxd4 Qe5 13. Bc3 Qxh2#
0-1

[Event "be ware...below 1400"]
[Site "SchemingMind.com"]
[Date "2008.12.25"]
[Round "-"]
[White "Manfred Kraut"]
[Black "Daphriend"]
[Result "1-0"]
[WhiteCountry "GER"]
[BlackCountry "USA"]
[WhiteElo "1411"]
[WhiteRD "67"]
[BlackElo "1330"]
[BlackRD "78"]
[GameID "184553"]

1. a4 a5 2. d4 Nf6 3. Nf3 d6 4. Nc3 e5 5. dxe5 dxe5 6. Qxd8+ Kxd8 7. Nxe5 Be6 8. e4 Nc6 9. Nxc6+ bxc6 10. Bd3 Bb4
11. O-O h5 12. Be3 h4 13. h3 Bxc3 14. bxc3 g5 15. Bxg5 Rg8 16. Bxf6+ Ke8 17. Bxh4 Bxh3 18. Kh2 Bxg2 19. Rg1 Rg4 20. Rxg2 Rxg2+
21. Kxg2 Kd7 22. Rd1 Rg8+ 23. Kf3 f5 24. Bc4+ Kc8 25. Bxg8 fxe4+ 26. Kxe4 Kb7 27. c4 Kb6 28. Rb1+ Kc5 29. Be7#
1-0

[Event "be ware...below 1400"]
[Site "SchemingMind.com"]
[Date "2008.12.21"]
[Round "-"]
[White "Manfred Kraut"]
[Black "Jochen"]
[Result "1-0"]
[WhiteCountry "GER"]
[BlackCountry "GBR"]
[WhiteElo "1380"]
[WhiteRD "68"]
[BlackElo "1115"]
[BlackRD "70"]
[GameID "184554"]

1. a4 Nc6 2. d4 Nf6 3. Nc3 h6 4. e4 e6 5. e5 Nd5 6. Nf3 Ndb4 7. Bc4 a6 8. O-O b5 9. axb5 g5 10. bxc6 Nxc6
11. b4 Nxb4 12. Ba3 Nc6 13. Bxf8 Rxf8 14. d5 Ne7 15. d6 cxd6 16. Ne4 Ng6 17. Nf6+ Ke7 18. Qxd6#
1-0